Регионална библиотека "Любен Каравелов" - Русе

В чест на академик Даки Йорданов (Запис номер 474155)

MARC детайли
000 -Лидер
Контролно поле с фиксирана дължина nam a22 a 4500
003 - Код на организацията, давaща контролен номер
Контролно поле BLK
005 - Дата и час на последна редакция
Контролно поле 20220926100844.0
008 - Елементи от данни с фиксирана дължина
fixed length control field 220926b bu |||||r|||| 00| | bu d
040 ## - Източник на каталожния запис
Идентификатор на билиотеката - собственик на записа BLK
041 ## - Код за език
Код за езика на текст/звукозапис или на отделно заглавие Български
-- Руски
-- Английски
Код за езика КДБФ Български
080 ## - УДК
Текстов определител УДК Ботаника. Вж и 631/635, Ботанически резервати вж 502.7
УДК код - определител по УДК 58
УДК - код + определител 58
080 ## - УДК
Текстов определител УДК Даки Йорданов Вичев - български ботаник, академик на БАН
УДК код - определител по УДК 929 Йорданов, Даки
УДК - код + определител 929 Йорданов, Даки
139 ## - Редно поле
Редна дума Йорданов, Даки
245 ## - Сведения за заглавието
Заглавие В чест на академик Даки Йорданов
Подзаглавни данни [Сб. статии]
Редно поле (дума) ред. кол. В. Велчев и др
260 ## - Област на издателските данни
9 (RLIN) 406277
Място на издаване, разпространение и проч. София
Име на издателя, разпространителя и проч. БАН
Година на издаване 1975
300 ## - Физическа характеристика
Страници 282 с.
Илюстрации и др. с ил., табл., 2 л. ил.
Размери/Мащаб 25 см
380 ## - Жанр
Жанр Естествени науки. Математика
500 ## - Общи забележки
Забележка Други ред. : Б. Кузманов, Е. Паламарев<br/>Текст и на рус. и англ. ез<br/>550 тир<br/>Библиогр. след отд. статии ; Рез. на бълг., рус. и англ. ез<br/>Съдържа разделите : Биология и таксономия на растенията, Екология и фитоценология и Палеоботаника, флористика и хорология
700 ## - Други автори (авторска отговорност)
9 (RLIN) 377223
Лично име Велчев, Велчо Иванов
Автороска отговорност (Описва отношението между автора и произведението) ред. кол.
852 ## - Местоположение
Форматна сигнатура Цб 75452
Фондова буква Хранилище
999 ## - СИСТЕМНИ КОНТРОЛНИ НОМЕРА
Koha biblionumber 474155
Koha biblioitemnumber 474155
942 ## - АРТИКУЛИ
Вид на библиотечния материал Книги
Скрит в OPAC Не
Периодичен библиозапис Да
944 ## - СЪЗДАВАНЕ И РЕДАКЦИЯ на ЗАПИСА
Създаване/Редакция Създаване
Дата на регистрацията/редакция 2022-09-26
Служител, извършил регистрацията/редакцията Микаела Микова-Илиева
Статус, дата на статуса 2022-09-26
Наличности
Код за отписване Код за изгубен артикул Източник на класификационната схема Код за повреда Коз за рестрикции Код за отдаване Артикулен № Име на библиотеката - собственик Име на библиотеката, в която се намира в момента Статус (Текущо местоположение) Дата на вписване в системата Местоположение - отдел Цена в лева Инвентарен номер Систематично азбучна сигнатура Баркод Цена в евро Служебен тип на артикула
  Не е изгубен Universal Decimal Classification Не е повреден само за читалня ползва се в читалня 905849 Регионална библиотека "Любен Каравелов" Русе Регионална библиотека "Любен Каравелов" Русе Хранилище 2022-09-30 Хранилище 4.50 181546 Цб 75452 120000181546 2.30 Книги
Vip Innovations Ltd, Rousse, Bulgaria 2025